Archivo fílmico pedagógico jóvenes y escuelas / (Record no. 28850)

MARC details
000 -LEADER
campo de control de longitud fija 01235ntaaa2200325 4500
003 - IDENTIFICADOR DE NÚMERO DE CONTROL
campo de control 01
005 - FECHA Y HORA DE LA ÚLTIMA TRANSACCIÓN
campo de control 20251027203332.0
008 - DATOS DE LONGITUD FIJA--INFORMACIÓN GENERAL
campo de control de longitud fija 0714s1973 ag 01
020 ## - NÚMERO INTERNACIONAL ESTÁNDAR DEL LIBRO
Número Internacional Estándar del Libro 9789500010658
040 ## - FUENTE DE CATALOGACIÓN
Centro catalogador/agencia de origen AR-BaBN
Lengua de catalogación spa
Centro/agencia transcriptor AR-BaBN
Normas de descripción aacr
Centro/agencia modificador RIC
110 ## - ENTRADA PRINCIPAL--NOMBRE DE ENTIDAD CORPORATIVA
Nombre de entidad corporativa o nombre de jurisdicción como elemento de entrada Argentina. Ministerio de Educación
9 (RLIN) 36047
245 ## - MENCIÓN DEL TÍTULO
Título Archivo fílmico pedagógico jóvenes y escuelas /
Mención de responsabilidad, etc. Argentina. Ministerio de Educación
260 ## - PUBLICACIÓN, DISTRIBUCIÓN, ETC.
Lugar de publicación, distribución, etc. Buenos Aires :
Nombre del editor, distribuidor, etc. Ministerio de Educación,
Fecha de publicación, distribución, etc. 2015
300 ## - DESCRIPCIÓN FÍSICA
Extensión 53 p. ;
Dimensiones fot. byn ; 19 cm.
490 ## - MENCIÓN DE SERIE
Mención de serie Archivo fílmico pedagógico jóvenes y escuelas
500 ## - NOTA GENERAL
Nota general Cuadernillo de análisis
500 ## - NOTA GENERAL
Nota general Contiene actividades para el aula
500 ## - NOTA GENERAL
Nota general Incluye recomendaciones de películas afines y bibliografía
505 ## - NOTA DE CONTENIDO CON FORMATO
Título Aportes para pensar en la escuela y la sociedad /
Mención de responsabilidad Orbuch, Iván Pablo
505 ## - NOTA DE CONTENIDO CON FORMATO
Título La escuela en el nuevo milenio: ¿cómo encontrarse y aprender en tiempos tan enredados? /
Mención de responsabilidad Sibilia, Paula
521 ## - NOTA DE PÚBLICO DESTINATARIO
Nota de público destinatario SECUNDARIO
650 ## - PUNTO DE ACCESO ADICIONAL DE MATERIA--TÉRMINO DE MATERIA
Término de materia o nombre geográfico como elemento de entrada MATERIALES DE APOYO
650 ## - PUNTO DE ACCESO ADICIONAL DE MATERIA--TÉRMINO DE MATERIA
Término de materia o nombre geográfico como elemento de entrada PEDAGOGIA
9 (RLIN) 1020
650 ## - PUNTO DE ACCESO ADICIONAL DE MATERIA--TÉRMINO DE MATERIA
Término de materia o nombre geográfico como elemento de entrada CINE
9 (RLIN) 7508
650 ## - PUNTO DE ACCESO ADICIONAL DE MATERIA--TÉRMINO DE MATERIA
Término de materia o nombre geográfico como elemento de entrada ACTIVIDADES DE APRENDIZAJE
9 (RLIN) 25930
650 ## - PUNTO DE ACCESO ADICIONAL DE MATERIA--TÉRMINO DE MATERIA
Término de materia o nombre geográfico como elemento de entrada ESCUELA Y SOCIEDAD
9 (RLIN) 37039
650 ## - PUNTO DE ACCESO ADICIONAL DE MATERIA--TÉRMINO DE MATERIA
Término de materia o nombre geográfico como elemento de entrada NUEVAS TECNOLOGIAS
9 (RLIN) 37040
650 ## - PUNTO DE ACCESO ADICIONAL DE MATERIA--TÉRMINO DE MATERIA
Término de materia o nombre geográfico como elemento de entrada DIALOGO
9 (RLIN) 22429
942 ## - ELEMENTOS DE ENTRADA SECUNDARIOS (KOHA)
Tipo de ítem Koha Colección General
Holdings
Estatus retirado Estado de pérdida Estado de daño No para préstamo Biblioteca de origen Biblioteca actual Fecha de adquisición Número de inventario Total de préstamos Código de barras Visto por última vez Precio de reemplazo Tipo de ítem Koha
        Biblioteca Pluis Biblioteca Pluis 27/10/2025 044937   044937 27/10/2025 27/10/2025 Colección General